000 00654nam a2200193 4500
001 127845
003 ES-MaACL
005 20251005063112.0
007 t|
008 070214s1926 sp r ||||1| spa d
100 1 _aRío Hortega, Pío del,
_d1882-1945
_997326
245 1 0 _aGlioma subcutáneo de células gigantes /
_cPío del Río Hortega.
260 _aMadrid :
_b[s.n.],
_c1926.
300 _a9 p., 4 lám. ;
_c24 cm.
500 _aEs tirada aparte del Boletín de la Sociedad Española de Biología, vol. XII, fasc. II.
710 2 _aSociedad Española de Biología.
_96711
852 _aES-MaACL
_j1710-F-5
999 _c127845
_d127845